Historia de la Nación Argentina. desde los orígenes hasta la organización definitiva en 1862 / Vol. II :

Guardado en:
Otros Autores: Ricci, Clemente., Oría, José A., Pastor, Julio Rey., Ratto, Héctor Raúl., Menéndez Pidal, Ramón., Herníquez Ureña, Pedro., Cabral Texo, Jorge., Altamira, Rafael., de Gandía, Enrique., Molinari, Diego Luis., Fleiuss, Max.
Formato: Libro
Idioma:Spanish
Publicado: Buenos Aires : El Ateneo, 1961.
Edición:3a. ed.
Materias:
Etiquetas: Agregar Etiqueta
Sin Etiquetas, Sea el primero en etiquetar este registro!
LEADER 01005nam a2200289 a 4500
001 DER.der015530
008 251117s1961####ag#abcogr#####001#0#spa##
005 20251117184530.0
245 0 0 |a Historia de la Nación Argentina.  |n Vol. II :  |b desde los orígenes hasta la organización definitiva en 1862 /  |c producida por Academia Nacional de la Historia. 
250 |a 3a. ed. 
260 a B |a Buenos Aires :  |b El Ateneo,  |c 1961. 
300 |a 401 p. 
505 0 |a Tiempos prehistóricos y protohistóricos 
700 1 |a Levene, Ricardo.,  |e dir. 
700 1 |a Ricci, Clemente. 
700 1 |a Oría, José A. 
700 1 |a Pastor, Julio Rey. 
700 1 |a Ratto, Héctor Raúl. 
700 1 |a Menéndez Pidal, Ramón. 
700 1 |a Herníquez Ureña, Pedro. 
700 1 |a Cabral Texo, Jorge. 
700 1 |a Altamira, Rafael. 
700 1 |a de Gandía, Enrique. 
700 1 |a Molinari, Diego Luis. 
700 1 |a Fleiuss, Max. 
650 7 |a HISTORIA ARGENTINA 
859 |a DERECHO  |b BIB. DERECHO  |h 982  |i ACA  |p 0010136  |v II  |3 Vol. II